000 00406nam a2200169 a 4500
001 4586
003 CO-ViMGA
008 141112s2004 ck r 000 u spa d
040 _aCO-ViMGA
_bspa
_cCO-ViMGA
082 0 4 _a843.914 B318i
100 1 _aBeauvoir, Simone de
245 1 0 _aLa invitada
260 _aMexico :
_bHermes,
_c1997
300 _a419 p
650 1 4 _aNOVELA FRANCESA
_92629
942 _2ddc
_cBK
999 _c16596
_d16596